00621nam a2200181 a 450000100100000000500170001000800410002702000180006804000250008608200170011124501120012826000400024030000430028050000230032365000340034670000290038070000300040900002022120240731082000.0100728s2008 sp abc 000 0 spa d a9788449436789 aDO-SdBNPbspacBNPHU aR 030bO819o00aOcéano Omega :bdiccionario enciclopédico universal /cedición Ángeles Arregui, Ignacio González. aBarcelona :bOcéano Omega,c2008. a6 v. :bil. ; mapa. ; retrs. ;c29 cm. aIncluye láminas. 0aEnciclopedias y diccionarios 1 aArregui, Ángeles,eed.1 aGonzález, Ignacio,eed.